00572 a2200121 4500082000600000100002200006245014500028260008200173300004000255500005700295700004000352856005800392 a- aWaleed Bin Shahid aDesign and development of an automatic frequency planning tool for cellular networkscWaleed Bin Shahid, Masab Javes Abbasi & Muhammad Umair aIslamabad :bNUST School of Electrical Engineering & Computer Science,c2009. ax, 83 p. :bill. ;c27 cm +eCD-ROM aSupervisors : Ms. Madeeha Owais, Mr. Altamash Ahmad. aMasab Javes Abbasi & Muhammad Umair u http://10.250.8.41:8080/xmlui/handle/123456789/13093